Statistics for Star Wars Quotes

Click here to take the quiz!

General Stats

  • This quiz has been taken 138,598 times
    (138,597 since last reset)
  • The average score is 12 of 17

Answer Stats

Who Says ItQuote% Correct
Title SequenceA long time ago in a {galaxy} far, far away
99%
VariousMay the {force} be with you
98%
Darth VaderI am your {father}
97%
VariousI've got a {bad} {feeling} about this
93%
Princess LeiaHelp me, Obi-Wan Kenobi. You're my {only} {hope}.
90%
Obi-Wan KenobiThese aren't the {droids} you're looking for
80%
YodaDo. Or do not. There is no {try}.
79%
Obi-Wan KenobiI felt a great {disturbance} in the force, as if millions of voices suddenly
cried out in terror and were suddenly silenced
79%
Admiral AckbarIt's a {TRAP}!!!
76%
Obi-Wan KenobiThat's no {moon}. It's a space station.
74%
Darth VaderI find your lack of {faith} disturbing
68%
Princess LeiaAren't you a little {short} for a stormtrooper?
67%
Han SoloNever tell me the {odds}
65%
Han SoloYou've never heard of the Millennium Falcon? It's the ship that made the
Kessel run in less than 12 {parsecs}.
64%
Qui-Gon JinnThere's always a bigger {fish}
60%
Darth VaderI am {alter}ing the deal. Pray I don't {alter} it any further.
36%
YodaWhen nine hundred years old you reach, {look} {as} {good}, you will not
23%

Score Distribution

Percentile by Number Answered

Percent of People with Each Score

Your Score History

You have not taken this quiz since the last reset